Année de naissance des pépites française au foot - Statistiques

Statistiques générales
  • Ce quiz a été pris 188 fois
  • Le résultat moyen est 12 sur 13
Statistiques - réponses
Joueur Année % Correct
Paul Pogba 1993
98%
Antoine Griezmann 1991
96%
Kingsley Coman 1996
96%
Ousmane Dembélé 1997
96%
Killyan Mbappe Lottin 1998
96%
Raphaël Varane 1993
95%
Anthony Martial 1995
95%
Moussa Dembélé 1996
95%
Alphonse Aréola 1993
92%
Alban Lafont 1999
89%
Issa Diop 1997
87%
Vincent Koziello 1995
85%
Malang Sarr 1999
83%
Aucun quiz correspondant
Distribution des résultats
% des personnes avec chaque résultat
Percentile par nombre de réponses
Votre historique - résultats
Vous n’avez pas pris ce quiz